<?xml version="1.0" encoding="UTF-8"?>
<record
    xmlns:xsi="http://www.w3.org/2001/XMLSchema-instance"
    xsi:schemaLocation="http://www.loc.gov/MARC21/slim http://www.loc.gov/standards/marcxml/schema/MARC21slim.xsd"
    xmlns="http://www.loc.gov/MARC21/slim">

  <leader>00520nam a2200181Ia 4500</leader>
  <controlfield tag="003">OSt</controlfield>
  <controlfield tag="005">20251111091334.0</controlfield>
  <controlfield tag="008">250729s2005    xx            000 0 und d</controlfield>
  <datafield tag="040" ind1=" " ind2=" ">
    <subfield code="c">AL</subfield>
  </datafield>
  <datafield tag="041" ind1=" " ind2=" ">
    <subfield code="a">kan</subfield>
  </datafield>
  <datafield tag="082" ind1=" " ind2=" ">
    <subfield code="a">500.7 KARB</subfield>
  </datafield>
  <datafield tag="100" ind1=" " ind2=" ">
    <subfield code="a">&#xC95;&#xCB0;&#xCBF;&#xC97;&#xCA3;&#xCCD;&#xCA3;&#xCB5;&#xCB0; &#xC8E; &#xC9C;&#xCBF;</subfield>
    <subfield code="9">224164</subfield>
  </datafield>
  <datafield tag="245" ind1=" " ind2=" ">
    <subfield code="a">&#xCAD;&#xCBE;&#xCB0;&#xCA4;&#xCC0;&#xCAF; &#xCB6;&#xCBE;&#xCB2;&#xCC6;&#xC97;&#xCC6;&#xCB3;&#xCB2;&#xCCD;&#xCB2;&#xCBF; &#xC86;&#xCA7;&#xCC1;&#xCA8;&#xCBF;&#xC95; &#xCB5;&#xCBF;&#xC9C;&#xCCD;&#xCA8;&#xCBE;&#xCA8; &#xCAC;&#xCCB;&#xCA7;&#xCA8;&#xCC6;</subfield>
  </datafield>
  <datafield tag="260" ind1=" " ind2=" ">
    <subfield code="a">&#xC97;&#xCA6;&#xC97;</subfield>
    <subfield code="c">2005</subfield>
  </datafield>
  <datafield tag="300" ind1=" " ind2=" ">
    <subfield code="a">501p</subfield>
  </datafield>
  <datafield tag="650" ind1=" " ind2=" ">
    <subfield code="a">Science</subfield>
    <subfield code="9">224165</subfield>
  </datafield>
  <datafield tag="942" ind1=" " ind2=" ">
    <subfield code="2">ddc</subfield>
    <subfield code="c">BED</subfield>
  </datafield>
  <datafield tag="999" ind1=" " ind2=" ">
    <subfield code="c">236275</subfield>
    <subfield code="d">236275</subfield>
  </datafield>
  <datafield tag="952" ind1=" " ind2=" ">
    <subfield code="0">0</subfield>
    <subfield code="1">0</subfield>
    <subfield code="4">0</subfield>
    <subfield code="7">0</subfield>
    <subfield code="a">AL</subfield>
    <subfield code="b">AL</subfield>
    <subfield code="d">2025-07-29</subfield>
    <subfield code="e">School Book Company</subfield>
    <subfield code="g">225.00</subfield>
    <subfield code="l">0</subfield>
    <subfield code="o">500.7 KARB</subfield>
    <subfield code="p">BED01594</subfield>
    <subfield code="r">2025-07-29 16:54:42</subfield>
    <subfield code="v">225.00</subfield>
    <subfield code="w">2025-07-29</subfield>
    <subfield code="y">BK</subfield>
  </datafield>
</record>
